| 000 | 01174nam a22003374c 4500 | ||
|---|---|---|---|
| 001 | 196939 | ||
| 003 | SpMaBN | ||
| 005 | 20250814053140.0 | ||
| 008 | 250218s2024 sp | |||| 000 0 spa | ||
| 015 | _aMON24 | ||
| 017 |
_aM 3384-2024 _bOficina Depósito Legal Madrid |
||
| 020 | _a9788498276510 | ||
| 035 | _a(SpMaBN)a7469012 | ||
| 040 |
_aSpMaBN _bspa _cSpMaBN _erda |
||
| 100 | 1 |
_aAmorifer, Sär _4aut _9239658 |
|
| 245 | 1 | _aIntroducción al martinismo tradicional | |
| 250 | _aSegunda Edición Corregida 2025 | ||
| 264 | 1 |
_bEditorial Dilema _c2024 |
|
| 300 |
_a188 páginas _c23 cm |
||
| 336 |
_aTexto _2rdacontent |
||
| 337 |
_asin mediación _2rdamedia |
||
| 338 |
_avolumen _2rdacarrier |
||
| 500 | _aCatalogación provisional. N-10354. Depósito J | ||
| 610 | 0 |
_9239805 _aOrden Martinista |
|
| 650 | 7 |
_aOcultismo _2embne _915681 |
|
| 852 |
_aES-MaACL _cDEPOJ _jN-10354 _xEncuadernación rústica con solapas _9206476 _hDonación: Editorial |
||
| 942 |
_2udc _cMONOGRAFIA _n0 |
||
| 999 |
_c196939 _d196939 |
||